000 00942nam a2200253 i 4500
001 184911
003 ES-MaACL
005 20250902024030.0
008 160218s1978 sp |||| | spa d
020 _a84-368-0094-X
100 1 _aMarteau, Ginette.
_9158800
245 1 0 _aContabilidad analítica y control de gestión /
_c[por] Ginette Marteau, Jean Scheid... ; prólogo Antonio López Díaz ; [traducción del francés de Ana María Naveira Naveira ; revisión Antonio López Díaz.
260 _aMadrid :
_bPirámide,
_cD.L. 1978.
300 _a267 p. ;
_c23 cm.
490 1 _aCiencias empresariales
504 _aBibliografía.
650 0 4 _aContabilidad de costes.
_911311
700 1 _aScheid, Jean.
_9158801
700 1 _aNaveira Naveira, Ana María.
_9158802
700 1 _aLópez Díaz, Antonio.
_9158803
830 0 0 _aCiencias empresariales (Pirámide)
_9183690
852 _aES-MaACL
_jA-9034
999 _c184911
_d184911